| 000 | 00316 a2200121 4500 | ||
|---|---|---|---|
| 001 | 66286 | ||
| 082 | _a372.7044 SHA | ||
| 090 |
_c38529 _d38529 |
||
| 100 | _aRam Sharan, Prof. | ||
| 245 |
_aTeaching of Mathematics _cRam Sharan, Prof. |
||
| 260 |
_aNew Delhi _bAPH Publishing Corpotation _c2008 |
||
| 300 | _a207p. | ||
| 942 |
_aNUST-CAE _k372.7044 SHA |
||
| 999 |
_c301359 _d301359 |
||